| 000 | 01035nam a22003377a 4500 | ||
|---|---|---|---|
| 001 | BR2012000501 | ||
| 003 | BR-BrBNA | ||
| 005 | 20230928103841.0 | ||
| 007 | ta | ||
| 008 | 230509b bl.||||| |||| 00| 0 por d | ||
| 040 |
_aBR-BrBNA _bpor _cBiblioteca Nacional de Agricultura |
||
| 041 | _a(Por) | ||
| 072 |
_aE70 _b9910 |
||
| 090 | _ 9910 BR2012000501 | ||
| 100 | 1 | _aPedini, S. | |
| 110 | 1 |
_aUniversidade Federal de Lavras, MG (Brasil) _0Tese (Pós-Graduação em Administração) |
|
| 245 | 1 | _aFair trade: alternativa ao mercado convencional de café e processos de empoderamento de cafeicultores familiares | |
| 260 | 3 |
_aLavras, MG (Brasil): _c2011. |
|
| 300 | _a174 p. | ||
| 500 | _aBibliography p. 153-162; Summaries (Eng, Por); 8 tables | ||
| 650 | _aMERCADO | ||
| 650 | _aCOMERCIALIZAÇÃO | ||
| 650 | _aCAFÉ | ||
| 650 | _aPRODUTOR | ||
| 650 | _aGESTÃO | ||
| 650 | _aAGRICULTURA FAMILIAR | ||
| 650 | _aASSOCIAÇÃO COMERCIAL | ||
| 650 | _aSAFRA | ||
| 909 |
_a202309 _bLucia _c55 _dLucia Elande |
||
| 942 | _cBK | ||
| 999 |
_c76917 _d76917 |
||